| 000 | 00661nam a22001937a 4500 | ||
|---|---|---|---|
| 005 | 20180427155502.0 | ||
| 010 | _aENG-122825 | ||
| 020 |
_a9789386643803 _c2195.00 |
||
| 035 | _aEN-106357 | ||
| 037 | _bDBAD/PUB. | ||
| 082 | _a343.54055 | ||
| 100 | _aGarg, Rakesh | ||
| 245 |
_aHSN Code-wise GST Tariff : _cby Rakesh garg [and] Sandeep garg _brates, notifications and customs codes / |
||
| 260 |
_aNew Delhi _bBloomsbury _c2017 |
||
| 270 |
_a2nd Floor, Building No.4, DDA Complex LSC, Pocket-C-6&&, Vasant Kunj, _bNew Delhi _e110070 |
||
| 300 | v |
_axviii, 1852p. _c24cm(pbk) |
|
| 700 | _aGarg, Sandeep | ||
| 942 |
_2ddc _cEN _mGAR _h343.54055 |
||
| 999 |
_c151799 _d151799 |
||